LEADER 00880cam0-2200313---450- 001 990004960060403321 005 20090212122515.0 035 $a000496006 035 $aFED01000496006 035 $a(Aleph)000496006FED01 035 $a000496006 100 $a19990604d1975----km-y0itay50------ba 101 0 $aita 102 $aIT 105 $ay---e---00--- 200 1 $aAlessandro Manzoni$esegno di contraddizione$fAurelia Accame Bobbio 210 $aRoma$cStudium$dc1975 215 $a266 p.$d16 cm 225 1 $aNuova universale Studium$v9 610 0 $aManzoni, Alessandro 676 $a853.7 700 1$aAccame Bobbio,$bAurelia$f<1911-1999>$0191129 801 0$aIT$bUNINA$gRICA$2UNIMARC 901 $aBK 912 $a990004960060403321 952 $a853.7 MANZ/S 22$bFil. Mod. 36043$fFLFBC 959 $aFLFBC 996 $aAlessandro Manzoni$9528215 997 $aUNINA LEADER 01624nam a2200337 i 4500 001 991001897419707536 005 20250702101131.0 008 960614s1981 it er 001 0 ita d 020 $a8820420139 035 $ab10929162-39ule_inst 035 $aPARLA150816$9ExL 040 $aDip.to scienze storiche$bita$dSocioculturale Scs 041 0 $aita 082 04$a338.1$223 100 1 $aPrampolini, Antonio$068189 245 10$aAgricoltura e societa rurale nel Mezzogiorno agli inizi del '900 :$bl'inchiesta parlamentare sulle condizioni dei contadini nelle provincie meridionali e nella Sicilia /$cAntonio Prampolini 260 $aMilano :$bF. Angeli,$c1981 300 $avolumi ;$c22 cm. 490 1 $aLa societa italiana moderna e contemporanea ;$v7 505 00$gVol. 1. :$tL'agricoltura. -$g320 p. 650 4$aEconomia agraria$zItalia Meridionale$ySec.20. 650 4$aContadini$xCondizioni economiche e sociali$zItalia Meridionale$ySec.20. 830 3$aLa societa italiana moderna e contemporanea ;$v7 907 $a.b10929162$b12-04-16$c28-06-02 912 $a991001897419707536 945 $aLE023 338.1 PRA 1 1$g1$i2023000150474$lle023$o-$pE0.00$q-$rl$s-$t0$u2$v0$w2$x0$y.i11033939$z28-06-02 945 $aLE009 STOR.88.5-16bis$g1$i2009000400368$lle009$o-$pE0.00$q-$rn$so$t0$u1$v1$w1$x0$y.i11033940$z28-06-02 945 $aLE009 STOR.88.5-16ter$g1$i2009000064041$lle009$o-$pE0.00$q-$rl$s-$t0$u0$v0$w0$x0$y.i11033927$z28-06-02 996 $aAgricoltura e società rurale nel mezzogiorno agli inizi del '900$9194821 997 $aUNISALENTO 998 $ale023$a(2)le009$b01-01-96$cm$da$e-$fita$git$h0$i3